[Event "Kort Paaske 2, gruppe 1"]
[Site "Skorping"]
[Date "2017.04.13"]
[Round "1"]
[White "Mortensen, Martin Lind"]
[Black "Nykjaer, Jess"]
[Result "0-1"]
[WhiteElo "2133"]
[BlackElo "1965"]
[PlyCount "152"]
[EventDate "2017.04.13"]

1. e4 c5 2. Nf3 e6 3. d4 cxd4 4. Nxd4 a6 5. Bd3 Qc7 6. O-O Nf6 7. c4 Be7 8. Qe2
d6 9. Nc3 O-O 10. Be3 Nc6 11. f4 e5 12. Nxc6 bxc6 13. f5 Bb7 14. g4 d5 15. g5
d4 16. gxf6 Bxf6 17. Nd1 dxe3 18. Nxe3 Qb6 19. Kh1 Rad8 20. Ng4 Rd6 21. Rac1 c5
22. Rc3 Rfd8 23. Kg1 Qc6 24. Rf2 Qd7 25. Rg2 Kf8 26. Rg3 Rd4 27. Rh3 Bxe4 28.
Nf2 Bxd3 29. Rcxd3 Qxf5 30. Rhf3 Qg5+ 31. Rg3 Qc1+ 32. Kg2 Qxc4 33. Qe3 Rxd3
34. Nxd3 Qd5+ 35. Kh3 e4 36. Nf4 Qf5+ 37. Kg2 Bd4 38. Qd2 e3 39. Rxe3 Rb8 40.
b3 g5 41. Ne6+ Kg8 42. Nxd4 cxd4 43. Qxd4 Rc8 44. Rf3 Qe6 45. Re3 Qf5 46. Rf3
Qe6 47. Re3 Qc6+ 48. Kh3 h6 49. a3 Kh7 50. Kg3 Qc5 51. Qd3+ Kg7 52. b4 Qc7+ 53.
Kh3 Qf4 54. Re4 Qf6 55. Re3 Rd8 56. Qc3 Qxc3 57. Rxc3 Rd6 58. Rb3 Kg6 59. a4 f5
60. b5 axb5 61. Rxb5 Rd3+ 62. Kg2 Ra3 63. a5 f4 64. Rb6+ Kh5 65. a6 g4 66. Rc6
Ra2+ 67. Kg1 Kg5 68. Rc5+ Kh4 69. Rf5 f3 70. Rf6 h5 71. Rh6 Ra5 72. Kf2 Kh3 73.
a7 Ra2+ 74. Kf1 Kxh2 75. Rxh5+ Kg3 76. Re5 Rxa7 0-1

[Event "Kort Paaske 2, gruppe 1"]
[Site "Skorping"]
[Date "2017.04.13"]
[Round "1"]
[White "Schjodt, Niels Chr"]
[Black "Hansen, Per"]
[Result "1/2-1/2"]
[WhiteElo "1985"]
[BlackElo "2059"]
[PlyCount "28"]
[EventDate "2017.04.13"]

1. e4 c5 2. Nf3 Nc6 3. Bb5 Na5 4. d4 a6 5. Be2 cxd4 6. Nxd4 e5 7. Nf3 d6 8. Nc3
Nf6 9. O-O Be7 10. Re1 O-O 11. Bg5 Be6 12. h3 Rc8 13. Bxf6 Bxf6 14. Nd5 Bxd5
1/2-1/2

[Event "Kort Paaske 2, gruppe 1"]
[Site "Skorping"]
[Date "2017.04.13"]
[Round "1"]
[White "Andersen, Torben Bodskov"]
[Black "Balslev, Uffe"]
[Result "1-0"]
[WhiteElo "2041"]
[BlackElo "1874"]
[PlyCount "51"]
[EventDate "2017.04.13"]

1. c4 e5 2. Nc3 Nf6 3. d3 d5 4. cxd5 Nxd5 5. Nf3 Nc6 6. g3 Be7 7. Bg2 Be6 8. a3
O-O 9. O-O f5 10. Bd2 Nb6 11. b4 Bf6 12. Rb1 Rc8 13. Qc2 h6 14. Rfd1 Ne7 15.
Be3 c6 16. Bc5 Rf7 17. e4 Qc7 18. exf5 Bxf5 19. Ne4 Rd8 20. Nxf6+ Rxf6 21. Nh4
Nbd5 22. Nxf5 Nxf5 23. d4 b6 24. dxe5 Qxe5 25. Re1 Qc3 26. Bxd5+ 1-0

[Event "Kort Paaske 2, gruppe 1"]
[Site "Skorping"]
[Date "2017.04.13"]
[Round "1"]
[White "Watson, Colin"]
[Black "Schack, Asbjorn Hovgaard"]
[Result "0-1"]
[WhiteElo "1934"]
[BlackElo "1976"]
[PlyCount "54"]
[EventDate "2017.04.13"]

1. e4 e6 2. d4 d5 3. Nc3 Nf6 4. e5 Nfd7 5. Qg4 h5 6. Qg3 c5 7. Nb5 cxd4 8. Nf3
Nc6 9. a3 a6 10. Nd6+ Bxd6 11. Qxg7 Bxe5 12. Nxe5 Qf6 13. Qxf6 Nxf6 14. Bf4 Nd7
15. Nxd7 Bxd7 16. Bg5 e5 17. O-O-O Bf5 18. Be2 Rc8 19. Rd2 Na5 20. Kd1 Rc6 21.
Re1 f6 22. Bh4 Kd7 23. f4 Rhc8 24. Bd3 e4 25. b4 Nb3 26. Bxe4 dxe4 27. cxb3
Bg4+ 0-1

[Event "Kort Paaske 2, gruppe 1"]
[Site "Skorping"]
[Date "2017.04.13"]
[Round "1"]
[White "Hansen, Jens Bo"]
[Black "Easan, Adesh"]
[Result "1-0"]
[WhiteElo "2061"]
[BlackElo "1889"]
[PlyCount "114"]
[EventDate "2017.04.13"]

1. Nf3 Nf6 2. c4 g6 3. Nc3 c5 4. d4 cxd4 5. Nxd4 Bg7 6. e4 d6 7. Be2 O-O 8. Be3
Nc6 9. O-O Re8 10. Qd2 Bd7 11. f3 Rc8 12. Rac1 a5 13. Rfd1 Nh5 14. Ndb5 Ne5 15.
Nd5 Bxb5 16. cxb5 Nd7 17. b6 Nc5 18. Bb5 Rf8 19. Bg5 Nf6 20. Bxf6 Bxf6 21.
Nxf6+ exf6 22. Qxd6 Qxd6 23. Rxd6 Nxe4 24. Rdd1 Nd6 25. Bd7 Rxc1 26. Rxc1 Rd8
27. Rc7 Kf8 28. Kf1 Nc4 29. Rxb7 Nxb6 30. Bb5 Nd5 31. g3 Ra8 32. Ke2 f5 33. Bc6
Rd8 34. Rd7 Rxd7 35. Bxd7 Ke7 36. Bb5 g5 37. Bd3 Kf6 38. a3 h5 39. Bc4 Nb6 40.
Kd3 Nd7 41. Kd4 Ne5 42. Bd5 h4 43. gxh4 gxh4 44. b4 axb4 45. axb4 Nd7 46. Bc6
Nb8 47. b5 Ke6 48. Kc5 Ke5 49. Kb6 Nxc6 50. bxc6 Kf4 51. c7 Kxf3 52. c8=Q f4
53. Qh3+ Kf2 54. Qxh4+ Ke2 55. Qe7+ Kf2 56. h4 f3 57. Qxf7 Kg2 1-0

[Event "Kort Paaske 2, gruppe 1"]
[Site "Skorping"]
[Date "2017.04.13"]
[Round "1"]
[White "Jakobsen, Andreas"]
[Black "Christensen, Thomas"]
[Result "0-1"]
[WhiteElo "1950"]
[BlackElo "1978"]
[PlyCount "91"]
[EventDate "2017.04.13"]

1. d4 e6 2. c4 f5 3. g3 Nf6 4. Nc3 d5 5. cxd5 exd5 6. Bg5 c6 7. Nf3 Bd6 8. Qb3
h6 9. Bxf6 Qxf6 10. Bh3 g5 11. Bg2 g4 12. Nh4 Qxd4 13. O-O Qg7 14. Rad1 Na6 15.
e4 fxe4 16. Bxe4 Nc5 17. Qc2 Nxe4 18. Nxe4 Be7 19. Nc5 Bxh4 20. gxh4 O-O 21.
Rfe1 Qf6 22. Re3 b6 23. Nd3 Bf5 24. Qe2 Qxh4 25. Ne5 Rf6 26. Rc1 c5 27. b4 c4
28. Rd1 Be6 29. Nxc4 Raf8 30. Rf1 Bd7 31. Ne5 Bc8 32. Rg3 h5 33. Qd3 Qg5 34.
Qxd5+ Be6 35. Qd4 Rf4 36. Qd6 Qf6 37. Nd3 Rd4 38. Qc6 Bc4 39. Qxf6 Rxf6 40. Ne5
Bxf1 41. Kxf1 Rd2 42. Rg2 Kh7 43. a4 Ra2 44. a5 bxa5 45. bxa5 Ra1+ 46. Ke2 0-1

[Event "Kort Paaske 2, gruppe 1"]
[Site "Skorping"]
[Date "2017.04.13"]
[Round "1"]
[White "Bonnez, Finn"]
[Black "Simonsen, Regnar"]
[Result "1-0"]
[WhiteElo "1948"]
[BlackElo "1741"]
[PlyCount "113"]
[EventDate "2017.04.13"]

1. d4 d5 2. Nf3 Nf6 3. Bf4 e6 4. e3 Bd6 5. Bg3 O-O 6. Ne5 c5 7. c3 Nc6 8. f4
cxd4 9. exd4 Ne7 10. Nd2 Ng6 11. Bd3 Nd7 12. Ndf3 Qe8 13. Qd2 a5 14. h4 Nf6 15.
h5 Ne7 16. Bf2 Ne4 17. Bxe4 dxe4 18. Ng5 f5 19. Qe2 Nd5 20. g3 Bxe5 21. dxe5 h6
22. Nh3 Bd7 23. Bc5 Rf7 24. c4 Ne7 25. O-O b5 26. b3 bxc4 27. bxc4 Qc8 28. Bxe7
Rxe7 29. Kh2 Qc5 30. Rac1 Bc6 31. Rfd1 Rd7 32. Rxd7 Bxd7 33. g4 Rb8 34. gxf5
exf5 35. Rc3 Qd4 36. Rb3 Rxb3 37. axb3 Bc6 38. Ng1 e3 39. Kg3 Qe4 40. Qf3 Qxf3+
41. Nxf3 a4 42. bxa4 Bxa4 43. Nd4 Bd7 44. Kf3 e2 45. Kxe2 Be8 46. Nxf5 Bxh5+
47. Kf2 Kf8 48. Kg3 Bf7 49. c5 Be6 50. Nd4 Bc8 51. f5 Ke8 52. Kh4 Kf7 53. Kh5
Ba6 54. c6 Bc8 55. Nb5 Bxf5 56. Nd6+ Ke6 57. Nxf5 1-0

[Event "Kort Paaske 2, gruppe 1"]
[Site "Skorping"]
[Date "2017.04.13"]
[Round "2"]
[White "Christensen, Thomas"]
[Black "Andersen, Torben Bodskov"]
[Result "1-0"]
[WhiteElo "1978"]
[BlackElo "2041"]
[PlyCount "69"]
[EventDate "2017.04.13"]

1. d4 d5 2. c4 c6 3. Nc3 Nf6 4. Nf3 e6 5. e3 Be7 6. Bd3 Nbd7 7. O-O dxc4 8.
Bxc4 b5 9. Bd3 a6 10. Qe2 c5 11. Rd1 c4 12. Bc2 Bb7 13. b3 Rc8 14. Bb2 Bb4 15.
Rac1 Qa5 16. d5 exd5 17. e4 d4 18. Nxd4 O-O 19. Nd5 Nxd5 20. exd5 Rfe8 21. Qf3
Ne5 22. Qh3 g6 23. Nf5 c3 24. Nh6+ Kg7 25. Ba1 Rcd8 26. d6 Bc8 27. Qh4 Bxd6 28.
f4 Bc5+ 29. Kh1 Rxd1+ 30. Rxd1 Nc6 31. Nxf7 b4 32. Qh6+ Kg8 33. Bxg6 hxg6 34.
Qxg6+ Kf8 35. Nh6 1-0

[Event "Kort Paaske 2, gruppe 1"]
[Site "Skorping"]
[Date "2017.04.13"]
[Round "2"]
[White "Schack, Asbjorn Hovgaard"]
[Black "Bonnez, Finn"]
[Result "1/2-1/2"]
[WhiteElo "1976"]
[BlackElo "1948"]
[PlyCount "127"]
[EventDate "2017.04.13"]

1. d4 d5 2. c4 e6 3. Nc3 Nf6 4. Bg5 Be7 5. e3 c6 6. Nf3 Nbd7 7. Rc1 O-O 8. Qc2
Re8 9. Bd3 Nf8 10. O-O Nh5 11. Bxe7 Rxe7 12. cxd5 exd5 13. b4 a6 14. a4 g6 15.
b5 cxb5 16. axb5 axb5 17. Nxb5 Nf6 18. Ra1 Rb8 19. Rfc1 Be6 20. Qb2 h6 21. Rc3
Ne8 22. Qb4 f6 23. Rac1 Rg7 24. h3 h5 25. h4 Qe7 26. Qxe7 Rxe7 27. Nc7 Bf7 28.
Bb5 Nd6 29. Bd3 Kg7 30. Nb5 Nxb5 31. Bxb5 Ne6 32. Nd2 Be8 33. Bxe8 Rexe8 34.
Nb3 Kf7 35. Nc5 Nxc5 36. Rxc5 Ke6 37. Rb1 Red8 38. Rb6+ Rd6 39. Rcb5 Rxb6 40.
Rxb6+ Ke7 41. Kf1 Rd8 42. Rxb7+ Ke6 43. Ke2 Kf5 44. Kf3 g5 45. hxg5 fxg5 46.
Rh7 Kg6 47. Re7 Rf8+ 48. Ke2 g4 49. e4 dxe4 50. Rxe4 Ra8 51. d5 Kf5 52. Rd4 Ke5
53. Rd3 Kd6 54. Ke3 Rf8 55. Rd4 Rf5 56. Rd2 Rf8 57. Ra2 Rf5 58. Ke4 Re5+ 59.
Kf4 Rxd5 60. Ra6+ Ke7 61. Rg6 Rd2 62. Kg3 Rd5 63. Kh4 Rf5 64. Rg5 1/2-1/2

[Event "Kort Paaske 2, gruppe 1"]
[Site "Skorping"]
[Date "2017.04.13"]
[Round "2"]
[White "Hansen, Per"]
[Black "Mortensen, Martin Lind"]
[Result "1-0"]
[WhiteElo "2059"]
[BlackElo "2133"]
[PlyCount "63"]
[EventDate "2017.04.13"]

1. d4 d5 2. Bf4 Nf6 3. e3 c5 4. c3 e6 5. Nd2 Bd6 6. Bg3 O-O 7. Bd3 Nc6 8. Ngf3
Re8 9. Ne5 Bxe5 10. dxe5 Nd7 11. Nf3 b6 12. h4 f6 13. Bxh7+ Kxh7 14. Ng5+ Kg8
15. Qh5 fxg5 16. hxg5 Ncxe5 17. g6 Nxg6 18. Qxg6 Nf6 19. Be5 Ba6 20. O-O-O Qe7
21. Rh3 Be2 22. Rdh1 Bh5 23. Rxh5 Nxh5 24. Rxh5 Rf8 25. Rh7 Rf6 26. Bxf6 Qxf6
27. Qh5 g6 28. Qh3 Re8 29. Rxa7 Re7 30. Ra8+ Kf7 31. Qh6 Qg7 32. Qf4+ 1-0

[Event "Kort Paaske 2, gruppe 1"]
[Site "Skorping"]
[Date "2017.04.13"]
[Round "2"]
[White "Balslev, Uffe"]
[Black "Schjodt, Niels Chr"]
[Result "1/2-1/2"]
[WhiteElo "1874"]
[BlackElo "1985"]
[PlyCount "81"]
[EventDate "2017.04.13"]

1. d4 Nf6 2. Nc3 d5 3. g3 Bf5 4. Bg2 e6 5. Nf3 Bb4 6. Bd2 Nbd7 7. a3 Be7 8. O-O
Ne4 9. Ne5 Nxd2 10. Qxd2 O-O 11. g4 Bg6 12. Nxg6 hxg6 13. e4 dxe4 14. Bxe4 c6
15. Rad1 g5 16. Qe3 Bd6 17. Rd3 Bf4 18. Qh3 g6 19. Bg2 Kg7 20. Qf3 Qc7 21. h3
Nf6 22. Ne2 Rad8 23. Nxf4 Qxf4 24. Rfd1 Nd5 25. c4 Qxf3 26. Rxf3 Nf4 27. Bf1 c5
28. d5 exd5 29. cxd5 Rxd5 30. Rxd5 Nxd5 31. Rd3 Nf6 32. b3 Re8 33. a4 b6 34.
Rd1 Re7 35. Bc4 Nd7 36. Kg2 Ne5 37. Bb5 f5 38. f3 Kf6 39. Kf2 Ke6 40. Ba6 Rc7
41. Re1 1/2-1/2

[Event "Kort Paaske 2, gruppe 1"]
[Site "Skorping"]
[Date "2017.04.13"]
[Round "2"]
[White "Simonsen, Regnar"]
[Black "Watson, Colin"]
[Result "1/2-1/2"]
[WhiteElo "1741"]
[BlackElo "1934"]
[PlyCount "27"]
[EventDate "2017.04.13"]

1. d4 d5 2. c4 c6 3. Nf3 Nf6 4. e3 e6 5. Nbd2 Nbd7 6. Bd3 dxc4 7. Nxc4 c5 8.
O-O Be7 9. b3 O-O 10. Bb2 cxd4 11. Nxd4 a6 12. Rc1 g6 13. Qe2 e5 14. Nf5
1/2-1/2

[Event "Kort Paaske 2, gruppe 1"]
[Site "Skorping"]
[Date "2017.04.13"]
[Round "2"]
[White "Easan, Adesh"]
[Black "Jakobsen, Andreas"]
[Result "1/2-1/2"]
[WhiteElo "1889"]
[BlackElo "1950"]
[PlyCount "51"]
[EventDate "2017.04.13"]

1. e4 c5 2. Nf3 Nc6 3. d4 cxd4 4. Nxd4 e5 5. Nxc6 bxc6 6. Be2 Nf6 7. Nc3 Bb4 8.
Bd2 d6 9. Bd3 O-O 10. O-O Bg4 11. Be2 Be6 12. f3 Rb8 13. Na4 Qc7 14. Bxb4 Rxb4
15. c3 Rbb8 16. c4 Qa5 17. Qc2 d5 18. a3 d4 19. b4 Qc7 20. Nc5 Rbd8 21. Nxe6
fxe6 22. c5 Nh5 23. g3 Rf6 24. Qc4 Rg6 25. Kh1 Rh6 26. Kg2 1/2-1/2

[Event "Kort Paaske 2, gruppe 1"]
[Site "Skorping"]
[Date "2017.04.14"]
[Round "3"]
[White "Hansen, Per"]
[Black "Christensen, Thomas"]
[Result "1-0"]
[WhiteElo "2059"]
[BlackElo "1978"]
[PlyCount "53"]
[EventDate "2017.04.13"]

1. d4 e6 2. Bf4 d5 3. e3 c5 4. c3 Nc6 5. Nd2 Nf6 6. Ngf3 Qb6 7. Qb3 c4 8. Qc2
a5 9. a4 Nh5 10. Bg5 Bd6 11. e4 f6 12. Bh4 Qc7 13. b3 cxb3 14. Qxb3 dxe4 15.
Nxe4 O-O 16. Nxd6 Qxd6 17. Bg3 Nxg3 18. hxg3 Qd5 19. Bc4 Qd6 20. Kf1 Kh8 21.
Qc2 h6 22. Re1 e5 23. Nh4 Ne7 24. Ng6+ Nxg6 25. Qxg6 Be6 26. Bd3 e4 27. Rxe4
1-0

[Event "Kort Paaske 2, gruppe 1"]
[Site "Skorping"]
[Date "2017.04.14"]
[Round "3"]
[White "Hansen, Jens Bo"]
[Black "Schack, Asbjorn Hovgaard"]
[Result "1-0"]
[WhiteElo "2061"]
[BlackElo "1976"]
[PlyCount "61"]
[EventDate "2017.04.13"]

1. c4 Nf6 2. Nc3 g6 3. e4 d6 4. d4 Bg7 5. Be2 O-O 6. Nf3 e5 7. O-O Na6 8. Re1
c6 9. h3 exd4 10. Nxd4 Nc5 11. Bf3 Nfd7 12. Be3 Ne5 13. Be2 Qc7 14. Qd2 Ne6 15.
Rad1 Nxd4 16. Bxd4 Be6 17. f4 Rad8 18. b3 a6 19. Na4 c5 20. Bc3 Nc6 21. f5 Bc8
22. f6 Bh8 23. Rf1 Ne5 24. Ba5 Qc6 25. Bxd8 Rxd8 26. Nc3 Be6 27. Qf4 Rd7 28.
Nd5 Kf8 29. Bg4 Bxd5 30. Bxd7 Qxd7 31. Rxd5 1-0

[Event "Kort Paaske 2, gruppe 1"]
[Site "Skorping"]
[Date "2017.04.14"]
[Round "3"]
[White "Bonnez, Finn"]
[Black "Nykjaer, Jess"]
[Result "1/2-1/2"]
[WhiteElo "1948"]
[BlackElo "1965"]
[PlyCount "32"]
[EventDate "2017.04.13"]

1. d4 d5 2. Nf3 Nf6 3. Bf4 e6 4. e3 Bd6 5. Bg3 Ne4 6. Nbd2 f5 7. Nxe4 fxe4 8.
Nd2 O-O 9. f4 Nc6 10. c3 Ne7 11. Bh4 Qe8 12. Bxe7 Qxe7 13. g3 Kh8 14. Bg2 Bd7
15. a4 c5 16. O-O cxd4 1/2-1/2

[Event "Kort Paaske 2, gruppe 1"]
[Site "Skorping"]
[Date "2017.04.14"]
[Round "3"]
[White "Andersen, Torben Bodskov"]
[Black "Schjodt, Niels Chr"]
[Result "1/2-1/2"]
[WhiteElo "2041"]
[BlackElo "1985"]
[PlyCount "60"]
[EventDate "2017.04.13"]

1. c4 Nf6 2. b3 e5 3. Bb2 Nc6 4. e3 Be7 5. d3 d5 6. cxd5 Nxd5 7. Nc3 Be6 8. Nf3
Bb4 9. Qc2 O-O 10. Be2 f5 11. O-O Nxc3 12. Bxc3 Bxc3 13. Qxc3 Qf6 14. Rfd1 Rad8
15. d4 exd4 16. exd4 Kh8 17. Rac1 Bd5 18. Ne5 Qg5 19. Qg3 Qxg3 20. hxg3 f4 21.
Nxc6 Bxc6 22. gxf4 Rxf4 23. d5 Rxd5 24. Rxd5 Bxd5 25. Rxc7 Kg8 26. Rd7 Bc6 27.
Bc4+ Kf8 28. Rc7 h5 29. g3 Rd4 30. Kf1 Rd7 1/2-1/2

[Event "Kort Paaske 2, gruppe 1"]
[Site "Skorping"]
[Date "2017.04.14"]
[Round "3"]
[White "Jakobsen, Andreas"]
[Black "Balslev, Uffe"]
[Result "1/2-1/2"]
[WhiteElo "1950"]
[BlackElo "1874"]
[PlyCount "109"]
[EventDate "2017.04.13"]

1. d4 d5 2. c4 c6 3. Nf3 e6 4. e3 Bd6 5. Nc3 Nf6 6. Bd3 O-O 7. O-O Nbd7 8. e4
e5 9. exd5 exd4 10. Nxd4 Nb6 11. Nf5 cxd5 12. cxd5 Bb4 13. d6 Re8 14. Qf3 Bxf5
15. Bxf5 Qxd6 16. Bf4 Qc5 17. Be3 Qe5 18. Bxb6 axb6 19. a3 Bxc3 20. bxc3 Ra5
21. Bh3 Qc5 22. a4 Qc6 23. Rfb1 Rc5 24. Qxc6 Rxc6 25. Rb3 Re2 26. Bf5 g6 27.
Kf1 Rd2 28. Ke1 Rd5 29. Bh3 Ne4 30. g3 Nd2 31. Rb2 Nf3+ 32. Kf1 Rxc3 33. Rxb6
Rc7 34. Bg2 Nd2+ 35. Kg1 Rdd7 36. Rd1 Nc4 37. Rxd7 Rxd7 38. Rb1 Na5 39. Rb5 Nc4
40. Rb1 Na5 41. Rb4 Rd1+ 42. Bf1 Rd6 43. Bb5 Kf8 44. Kg2 b6 45. Kh3 Nb7 46. Re4
Nc5 47. Rc4 Rd5 48. Rf4 Ne6 49. Rb4 Rd4 50. Rxd4 Nxd4 51. Bc4 Ke7 52. Kg4 h6
53. Kf4 f6 54. Ke4 Nc6 55. Bb5 1/2-1/2

[Event "Kort Paaske 2, gruppe 1"]
[Site "Skorping"]
[Date "2017.04.14"]
[Round "3"]
[White "Watson, Colin"]
[Black "Easan, Adesh"]
[Result "1/2-1/2"]
[WhiteElo "1934"]
[BlackElo "1889"]
[PlyCount "88"]
[EventDate "2017.04.13"]

1. e4 d6 2. Nc3 Nf6 3. d4 g6 4. Bg5 Bg7 5. e5 Nfd7 6. f4 O-O 7. Nf3 f6 8. Bc4+
Kh8 9. Bh4 Nb6 10. Bb3 d5 11. O-O Nc6 12. Qe2 Bh6 13. Bg3 Bg4 14. Rad1 a6 15.
h3 Bh5 16. Bh2 f5 17. Qe3 Na5 18. Ne2 Bxf3 19. Rxf3 e6 20. Bg3 Rg8 21. h4 Bf8
22. Be1 Nxb3 23. Qxb3 Be7 24. Rh3 a5 25. g3 Qd7 26. c3 Nc4 27. Bf2 a4 28. Qc2
Qb5 29. b3 Na3 30. Qb2 axb3 31. axb3 Ra6 32. Nc1 Rga8 33. Be3 Qc6 34. h5 Qe8
35. Kf2 g5 36. fxg5 Nb5 37. g6 Qc6 38. Bd2 Ba3 39. Qc2 Bxc1 40. Rxc1 Ra2 41.
Qd3 Rb2 42. Kg1 Raa2 43. Qe3 Qd7 44. Qh6 Qg7 1/2-1/2

[Event "Kort Paaske 2, gruppe 1"]
[Site "Skorping"]
[Date "2017.04.14"]
[Round "3"]
[White "Mortensen, Martin Lind"]
[Black "Simonsen, Regnar"]
[Result "1-0"]
[WhiteElo "2133"]
[BlackElo "1741"]
[PlyCount "65"]
[EventDate "2017.04.13"]

1. e4 c5 2. Nf3 a6 3. c4 Nc6 4. d4 cxd4 5. Nxd4 g6 6. Nc3 Bg7 7. Be3 d6 8. Be2
Nf6 9. Qd2 Bd7 10. O-O O-O 11. Rac1 Rc8 12. f3 Ne5 13. b3 h5 14. Rfd1 Kh7 15.
Nc2 Be6 16. Kh1 Nfd7 17. Nd4 Nc6 18. Nxe6 fxe6 19. f4 Nf6 20. h3 Qe8 21. Bd3 e5
22. f5 gxf5 23. exf5 Kh8 24. Qf2 Kg8 25. Rf1 Kf7 26. Qf3 Rh8 27. Ne4 Nxe4 28.
Bxe4 Kf8 29. c5 Bh6 30. f6 Bxe3 31. fxe7+ Kxe7 32. Qf6+ Kd7 33. Qxd6# 1-0

[Event "Kort Paaske 2, gruppe 1"]
[Site "Skorping"]
[Date "2017.04.15"]
[Round "4"]
[White "Hansen, Jens Bo"]
[Black "Hansen, Per"]
[Result "1-0"]
[WhiteElo "2061"]
[BlackElo "2059"]
[PlyCount "81"]
[EventDate "2017.04.13"]

1. c4 c6 2. d4 d5 3. Nf3 e6 4. Nc3 Nf6 5. Bg5 h6 6. Bxf6 Qxf6 7. e3 Nd7 8. Rc1
g6 9. Qb3 Bg7 10. e4 Qf4 11. Qc2 dxe4 12. Nxe4 O-O 13. Be2 Qc7 14. c5 Nf6 15.
O-O a5 16. Rfd1 Nd7 17. Nd6 e5 18. dxe5 Nxe5 19. Nxe5 Bxe5 20. Bc4 Kg7 21. Qe4
Qe7 22. Re1 Bxd6 23. Qxe7 Bxe7 24. Rxe7 a4 25. Rc7 Ra5 26. b4 axb3 27. Bxb3 Kf6
28. f3 Be6 29. Rxb7 Rd8 30. Rc2 Bd5 31. Kf2 Ke6 32. Rb6 Rc8 33. Ke3 Rc7 34. Kd4
Bxb3 35. axb3 Ra1 36. Kc4 Rd1 37. b4 Kd7 38. Rb8 Rb1 39. Re2 Rc1+ 40. Kb3 Ra7
41. Rbe8 1-0

[Event "Kort Paaske 2, gruppe 1"]
[Site "Skorping"]
[Date "2017.04.15"]
[Round "4"]
[White "Christensen, Thomas"]
[Black "Bonnez, Finn"]
[Result "1/2-1/2"]
[WhiteElo "1978"]
[BlackElo "1948"]
[PlyCount "91"]
[EventDate "2017.04.13"]

1. d4 d5 2. c4 c6 3. Nc3 Nf6 4. Nf3 Nbd7 5. e3 e6 6. Bd3 Bd6 7. O-O dxc4 8.
Bxc4 O-O 9. e4 e5 10. Bg5 exd4 11. Qxd4 Bc5 12. Qd2 Nb6 13. Bd3 Be7 14. h3 Be6
15. Qe2 Nfd7 16. Be3 Re8 17. Rad1 Qc7 18. Nd4 Nf8 19. Nxe6 Nxe6 20. f4 Nf8 21.
Qg4 f6 22. Kh1 Kh8 23. Ne2 Bd6 24. Ng3 Rad8 25. Nh5 c5 26. Bd2 Qf7 27. e5 Be7
28. Bc3 c4 29. exf6 Bxf6 30. Nxf6 gxf6 31. Bc2 Nd5 32. Bd4 b6 33. Ba4 Ne3 34.
Bxe8 Rxe8 35. Qg5 Nd7 36. Rfe1 Nxd1 37. Rxd1 Ne5 38. Qh4 Nd7 39. Bc3 Re6 40.
Qf2 Kg8 41. Qd4 Nc5 42. f5 Re4 43. Qf2 Nd3 44. Qg3+ Qg7 45. Qb8+ Qf8 46. Qg3+
1/2-1/2

[Event "Kort Paaske 2, gruppe 1"]
[Site "Skorping"]
[Date "2017.04.15"]
[Round "4"]
[White "Schjodt, Niels Chr"]
[Black "Schack, Asbjorn Hovgaard"]
[Result "0-1"]
[WhiteElo "1985"]
[BlackElo "1976"]
[PlyCount "48"]
[EventDate "2017.04.13"]

1. e4 e6 2. d4 d5 3. Nd2 c5 4. c3 Nc6 5. Ngf3 Nf6 6. e5 Nd7 7. Be2 Be7 8. O-O
O-O 9. Re1 f6 10. exf6 Nxf6 11. Nf1 cxd4 12. cxd4 Qb6 13. Ng3 Bb4 14. Rf1 Bd7
15. h3 Rac8 16. Be3 Bd6 17. Rb1 Qc7 18. Qd2 Bxg3 19. fxg3 Ne4 20. Qd1 Qxg3 21.
Bd3 Ne7 22. Bxe4 dxe4 23. Bf2 Qf4 24. Ne5 Bb5 0-1

[Event "Kort Paaske 2, gruppe 1"]
[Site "Skorping"]
[Date "2017.04.15"]
[Round "4"]
[White "Easan, Adesh"]
[Black "Mortensen, Martin Lind"]
[Result "1/2-1/2"]
[WhiteElo "1889"]
[BlackElo "2133"]
[PlyCount "80"]
[EventDate "2017.04.13"]

1. e4 e6 2. d3 d5 3. Nd2 Nf6 4. Ngf3 c5 5. g3 Be7 6. Bg2 Nc6 7. exd5 exd5 8. h3
O-O 9. O-O a5 10. a4 h6 11. d4 c4 12. c3 Bf5 13. b3 cxb3 14. Nxb3 Ne4 15. Bb2
Qb6 16. Ra2 Rfd8 17. Nfd2 Rac8 18. Nxe4 dxe4 19. Ba1 Ne5 20. Nd2 Qe6 21. Qb3
Nf3+ 22. Bxf3 exf3 23. Qxe6 Bxe6 24. Rb2 Rxc3 25. Rxb7 Rd3 26. Nxf3 Bf6 27. Ne5
Bxe5 28. dxe5 Bxh3 29. Re1 Rd1 30. Rb1 Bg4 31. Bc3 Rxb1 32. Rxb1 Rd1+ 33. Rxd1
Bxd1 34. Bxa5 Bxa4 35. f4 Bd7 36. Kf2 f6 37. exf6 gxf6 38. Kf3 f5 39. Ke3 Kf7
40. Kd4 Ke6 1/2-1/2

[Event "Kort Paaske 2, gruppe 1"]
[Site "Skorping"]
[Date "2017.04.15"]
[Round "4"]
[White "Balslev, Uffe"]
[Black "Watson, Colin"]
[Result "1-0"]
[WhiteElo "1874"]
[BlackElo "1934"]
[PlyCount "125"]
[EventDate "2017.04.13"]

1. e4 c6 2. d4 d5 3. exd5 cxd5 4. c4 Nf6 5. Nc3 Nc6 6. Bg5 dxc4 7. d5 Ne5 8.
Qd4 Nd3+ 9. Bxd3 cxd3 10. Qxd3 h6 11. Bf4 g6 12. Nb5 Nxd5 13. Qxd5 Qxd5 14.
Nc7+ Kd8 15. Nxd5 Bd7 16. Rd1 Rc8 17. Be5 Rg8 18. Ne2 Bg7 19. Bc3 Bxc3+ 20.
Nexc3 g5 21. O-O Rg6 22. Rfe1 e6 23. Ne3 f5 24. Rd6 Kc7 25. Red1 Rg7 26. Nc4
Re7 27. Ne5 Bc6 28. b4 Kb8 29. Nxc6+ Rxc6 30. Rxc6 bxc6 31. Na4 Kc7 32. Nc5 Kb6
33. Kf1 Kb5 34. a3 a5 35. Rb1 axb4 36. axb4 e5 37. Ke2 Ra7 38. Rb2 Kc4 39. Kd2
Ra3 40. Rc2+ Kb5 41. Nd3 e4 42. Ne5 Kxb4 43. Nxc6+ Ka4 44. Rc5 f4 45. Re5 Kb3
46. Nd4+ Kc4 47. Nc2 Rd3+ 48. Ke2 Kc3 49. Rc5+ Kb3 50. Ne1 Rd4 51. Rc6 h5 52.
Rc5 g4 53. Rxh5 Kc3 54. Rc5+ Kb3 55. Rf5 f3+ 56. gxf3 gxf3+ 57. Nxf3 exf3+ 58.
Kxf3 Kc3 59. Kg3 Kd3 60. h4 Rd7 61. Kg4 Ke4 62. f4 Rd1 63. Re5+ 1-0

[Event "Kort Paaske 2, gruppe 1"]
[Site "Skorping"]
[Date "2017.04.15"]
[Round "4"]
[White "Simonsen, Regnar"]
[Black "Jakobsen, Andreas"]
[Result "1/2-1/2"]
[WhiteElo "1741"]
[BlackElo "1950"]
[PlyCount "41"]
[EventDate "2017.04.13"]

1. d4 d5 2. c4 e6 3. Nf3 Nf6 4. e3 b6 5. Nbd2 Bb7 6. Be2 Bd6 7. O-O Nbd7 8. b3
O-O 9. Bb2 c5 10. Rc1 cxd4 11. Nxd4 Qe7 12. cxd5 exd5 13. Nf5 Qe6 14. Nxd6 Qxd6
15. Nf3 Rfc8 16. Qd4 Qe6 17. Nd2 Rxc1 18. Rxc1 Rc8 19. Rxc8+ Bxc8 20. h3 Nc5
21. Bg4 1/2-1/2

[Event "Kort Paaske 2, gruppe 1"]
[Site "Skorping"]
[Date "2017.04.15"]
[Round "5"]
[White "Hansen, Per"]
[Black "Nykjaer, Jess"]
[Result "1/2-1/2"]
[WhiteElo "2059"]
[BlackElo "1965"]
[PlyCount "90"]
[EventDate "2017.04.13"]

1. d4 d5 2. Bf4 Nf6 3. e3 e6 4. Nd2 Bd6 5. Bg3 O-O 6. Bd3 c5 7. c3 Nc6 8. Ngf3
Ne8 9. Qe2 c4 10. Bc2 f5 11. b3 Qa5 12. b4 Qa3 13. b5 Qxc3 14. Qd1 Nb4 15. Rc1
Nxc2+ 16. Qxc2 Qxc2 17. Rxc2 Bxg3 18. hxg3 Nd6 19. a4 b6 20. O-O a6 21. Ne5
axb5 22. axb5 Ra5 23. Rcc1 Rxb5 24. Ra1 Bb7 25. Ndf3 h6 26. Ng6 Ra8 27. Nf4
Rxa1 28. Rxa1 Kf7 29. Ne5+ Kf6 30. Kf1 Ra5 31. Rb1 b5 32. Nd7+ Ke7 33. Nc5 Bc8
34. Ng6+ Kf6 35. Ne5 Ra7 36. Nc6 Rc7 37. Ne5 Ne4 38. Nxe4+ dxe4 39. Rxb5 Bd7
40. Rc5 Ra7 41. f3 exf3 42. gxf3 Be8 43. e4 fxe4 44. fxe4 h5 45. Kf2 Bg6
1/2-1/2

[Event "Kort Paaske 2, gruppe 1"]
[Site "Skorping"]
[Date "2017.04.15"]
[Round "5"]
[White "Schack, Asbjorn Hovgaard"]
[Black "Christensen, Thomas"]
[Result "1-0"]
[WhiteElo "1976"]
[BlackElo "1978"]
[PlyCount "71"]
[EventDate "2017.04.13"]

1. d4 Nf6 2. c4 c5 3. d5 b5 4. Qc2 bxc4 5. e4 d6 6. Bxc4 g6 7. Nc3 Bg7 8. h3
O-O 9. Nf3 Nbd7 10. O-O Nb6 11. Bd3 Nfd7 12. b3 Ne5 13. Nxe5 Bxe5 14. Rb1 Bd7
15. Be3 Qc8 16. Ne2 a5 17. Bc4 Nxc4 18. bxc4 f5 19. Bh6 Rf7 20. f4 Bf6 21. Ng3
Bd4+ 22. Kh2 fxe4 23. Nxe4 Bf5 24. Qe2 Bg7 25. Bxg7 Kxg7 26. Rb2 h6 27. g4 Bd7
28. f5 gxf5 29. g5 fxe4 30. gxh6+ Kf8 31. h7 Kg7 32. Rxf7+ Kxf7 33. Qh5+ Kf6
34. Rf2+ Kg7 35. h8=Q+ Qxh8 36. Rf7+ 1-0